| 000 | 01543nam a2200361Ia 4500 | ||
|---|---|---|---|
| 001 | ebr10201305 | ||
| 003 | CaPaEBR | ||
| 006 | m u | ||
| 007 | cr cn||||||||| | ||
| 008 | 030910s2002 enka sb 001 0 eng d | ||
| 010 | _z 2004272773 | ||
| 020 | _z1860943187 | ||
| 020 | _z9781860943188 | ||
| 040 |
_aCaPaEBR _cCaPaEBR |
||
| 035 | _a(OCoLC)299585123 | ||
| 050 | 1 | 4 |
_aQA931 _b.M684 2002eb |
| 100 | 1 |
_aMovchan, A. B. _q(Alexander B.) |
|
| 245 | 1 | 0 |
_aAsymptotic models of fields in dilute and densely packed composites _h[electronic resource] / _cA.B. Movchan, N.V. Movchan, C.G. Poulton. |
| 260 |
_aLondon : _bImperial College Press ; _aRiver Edge, NJ : _bWorld Scientific Pub. [distributor], _cc2002. |
||
| 300 |
_axi, 190 p. : _bill. |
||
| 504 | _aIncludes bibliographical references (p. 185-188) and index. | ||
| 533 |
_aElectronic reproduction. _bPalo Alto, Calif. : _cebrary, _d2009. _nAvailable via World Wide Web. _nAccess may be limited to ebrary affiliated libraries. |
||
| 650 | 0 |
_aBoundary value problems _xAsymptotic theory. |
|
| 650 | 0 |
_aComposite materials _xDefects _xMathematical models. |
|
| 650 | 0 |
_aDifferential equations, Partial _xAsymptotic theory. |
|
| 650 | 0 | _aElasticity. | |
| 650 | 0 | _aElectromagnetism. | |
| 655 | 7 |
_aElectronic books. _2local |
|
| 700 | 1 |
_aMovchan, N. V. _q(Nataliya V.) |
|
| 700 | 1 |
_aPoulton, C. G. _q(Chris G.) |
|
| 710 | 2 | _aebrary, Inc. | |
| 856 | 4 | 0 |
_uhttp://site.ebrary.com/lib/rucke/Doc?id=10201305 _zAn electronic book accessible through the World Wide Web; click to view |
| 999 |
_c222792 _d222792 |
||